000 00801nam a2200217 u 4500
005 20210223131212.0
008 100121s2001 mx r 000 0 spa d
020 _a9682323177
035 _aUPN01000174330
049 _aCG
050 4 _aHV6250.4 W6.5
_bM3.2
100 1 _aMadriz, Esther
245 1 0 _aA las niñas buenas no les pasa nada malo :
_bel miedo a la delincuencia en la vida de las mujeres /
_cEsther Madriz ; tr. Stella Mastrángelo.
260 _aMéxico :
_bSiglo XXI,
_c2001.
300 _a220 p.
440 0 _aCriminología y derecho
534 _pTítulo original:
_tNothing bad happens to good girls : fear of crime in women's lives
650 4 _aDELITOS CONTRA LA MUJER -
_zESTADOS UNIDOS
_915273
650 4 _aMUJERES -
_zESTADOS UNIDOS -
_xPSICOLOGIA
_915503
905 _aLibro
999 _c146434
_d146434